000 00640nam a2200265Ia 4500
005 20260306164255.0
008 008 260114s9999 xx 000 0 eng d
020 _a9781529223033
037 _aEBOOK
040 _aCRL
040 _beng
040 _cCRL
041 _2eng
041 _aeng
084 _qCRL
100 _aIngold
_9639529
245 0 _aEmployer Engagement: Making Active Labour Market Policies Work
260 _bThe Policy Press
260 _c2023
650 _aEconomics & Finance
856 _uhttps://academic.oup.com/book/51492
942 _cEBOOK
999 _c1713462
_d1713462